000 00386nam a2200133Ia 4500
008 220217s9999||||xx |||||||||||||| ||und||
020 _a81-85938-80-6
082 _a621.381 3 CHA
100 _aChaterjee, R
_91591
245 0 _aMicroweve and millimetre wave semiconductor divices
260 _aAffiliated east west press
_bNew Delhi
_c1997
300 _b225
650 _aCIRCUITRY
999 _c166827
_d166827